Statistics for Arctic Monkeys Lyrics - From The Ritz To The Rubble

Click here to take the quiz!

General Stats

  • This quiz has been taken 119 times
    (85 since last reset)
  • The average score is 276 of 353

Answer Stats

Lyrics% Correct
of
100%
Of
100%
on
100%
the
100%
a
98%
and
98%
And
98%
bouncers
98%
I
98%
one
97%
to
97%
To
97%
to,
97%
You
97%
you,
97%
you
97%
go
95%
last
95%
Last
95%
night
95%
night,
95%
no
95%
other
95%
two
95%
we
95%
alright,
93%
in
93%
or
93%
so
93%
make
91%
can
90%
for
90%
that
90%
they
90%
They
90%
time
90%
got
88%
Got
88%
he
88%
He
88%
one's
88%
then
88%
there's
88%
want
88%
but
86%
But
86%
don't
86%
his
86%
His
86%
It
86%
it
86%
say
86%
step
86%
'em's
84%
out
84%
way
84%
way;
84%
we'll
84%
well
84%
Well,
84%
all
83%
another
83%
examples
83%
He's
83%
is
83%
It's
83%
it's
83%
move
83%
now
83%
these
83%
thousand
83%
where
83%
be
81%
have
81%
line
81%
looking
81%
makes
81%
nowt
81%
thousand
81%
bit
79%
finally
79%
How
79%
how
79%
jumpers
79%
not
79%
swap
79%
talk
79%
totalitarian
79%
about,
78%
about
78%
boys
78%
breathin'
78%
can't
78%
pay
78%
queue
78%
realise
78%
somethin'
78%
your
78%
as
76%
give
76%
hand
76%
prove
76%
black
74%
chest,
74%
off
74%
story
74%
this
74%
walk
74%
you've
74%
faces
72%
laugh?
72%
tell,
72%
through
72%
too
72%
wants
72%
Why
72%
mornin'
71%
think
71%
what
71%
brain
69%
kick
69%
much
69%
past
69%
secretly
69%
ten-
69%
things
69%
anymore
67%
anymore,
67%
could
67%
sense
67%
something
67%
talked
67%
made
66%
pleasant?
66%
yeah
66%
deep,
64%
deep
64%
deep?
64%
down
64%
everywhere
64%
haze
64%
just
64%
was
64%
back
62%
eyes
62%
said,
62%
Said,
62%
said
62%
smirkin'
62%
Sunday
62%
Behind
60%
course
60%
girl
60%
never
60%
fate
59%
flying
59%
put
59%
arms
57%
different
57%
has
57%
kissed
55%
million
55%
oh
55%
today
53%
done
52%
girl's
52%
thought
52%
town
52%
couldn't
50%
bottles
48%
Instilled
48%
town's
48%
ascended
47%
duff
47%
us
47%
Da-da,
40%
da-da-da
40%
da-da-da,
40%
da-da-da-da
40%
da-da-da-da-da
40%
I'm
40%
away,
38%
turned
36%
glad
34%
scary'un
26%
her
24%
couldn'ta
22%

Score Distribution

Percentile by Number Answered

Percent of People with Each Score

Your Score History

You have not taken this quiz since the last reset